000
00251nam a22001217a 4500
041
_a
ENG
100
_a
Kalis M
245
_a
Food Ppeservation and Processing
260
_a
Delhi
_b
Kalyani PUB
_c
1999
300
_a
492
650
_a
APE
856
_u
APE
999
_c
502
_d
502